Statistics for African Countries Entirely In Western Hemisphere

Click here to take the quiz!

General Stats

  • This quiz has been taken 71 times
  • The average score is 9 of 10

Answer Stats

Answer% Correct
Sierra Leone
97%
Liberia
96%
Guinea
94%
Morocco
94%
Gambia
93%
Guinea-Bissau
93%
Mauritania
93%
Senegal
93%
Cabo Verde
90%
Cote D Ivoire
90%

Score Distribution

Percentile by Number Answered

Percent of People with Each Score

Your Score History

You have not taken this quiz